000 00374nam a2200157Ia 4500
008 210716s2005 xx 000 0 und d
020 _a818714808X
041 _aeng
082 _a332.042 AGAH
100 _aAgarwal, H C.
245 _aIndian financial system and commercial banking.
250 _a1
260 _aAgra
_c2005
300 _aviii,353
650 _aFinance
999 _c202671
_d202671